[Event "Hessen Senioren-ch 2012  8th"]
[Site "Bad Sooden-Adf. (14.4.-22.4)"]
[Date "2012.04.18"]
[Round "5.19"]
[White "Thieme, Hans(08.33)"]
[Black "Ripoll, Luis"]
[Result "0-1"]
[WhiteElo "1959"]
[BlackElo "1813"]
[PlyCount "107"]
[EventDate "2012.04.??"]
[EventType "swiss"]
[EventRounds "9"]
[EventCountry "GER"]
[WhiteTeam "Oberursel SV"]
[BlackTeam "Lister Turm SK"]

1. e4 c5 2. Nf3 d6 3. Bb5+ Bd7 4. Bxd7+ Nxd7 5. O-O Ngf6 6. Qe2 e5 7. c3 Be7 8.
d4 O-O 9. Rd1 Qc7 10. Bg5 Rfe8 11. d5 Nf8 12. Nbd2 h6 13. Bxf6 Bxf6 14. a4 Ng6
15. g3 a6 16. a5 Rad8 17. Ra3 Qd7 18. Ne1 Qh3 19. Rb3 Rb8 20. Nc4 Red8 21. Ng2
Be7 22. Nge3 Qd7 23. Ra1 Bf8 24. Nf5 Qc7 25. Qg4 Kh7 26. Rb6 Rd7 27. Rd1 Rbd8
28. Rb3 Re8 29. h4 Ne7 30. Nfe3 g6 31. h5 Bg7 32. Kg2 Ng8 33. Qe2 Rdd8 34. Rh1
g5 35. Rb6 Ne7 36. Rc1 Nc8 37. Rb3 Kg8 38. Qf3 Ne7 39. Rc2 Rf8 40. Nf5 Nxf5 41.
Qxf5 Qd7 42. Qxd7 Rxd7 43. Rb6 Rfd8 44. Rc1 Bf8 45. Kf1 Be7 46. Rb1 Rf8 47. g4
Rc8 48. Ke2 Kf8 49. Kd3 Rcc7 50. Ne3 Ke8 51. b4 cxb4 52. R1xb4 Kd8 53. Rb1 Rc8
54. Nd1 0-1

[Event "Hessen Senioren-ch 2012  8th"]
[Site "Bad Sooden-Adf. (14.4.-22.4)"]
[Date "2012.04.18"]
[Round "5.20"]
[White "Pape, Manfred(43)"]
[Black "Geisler, Reinhard"]
[Result "1-0"]
[WhiteElo "2098"]
[BlackElo "1709"]
[PlyCount "63"]
[EventDate "2012.04.??"]
[EventType "swiss"]
[EventRounds "9"]
[EventCountry "GER"]
[WhiteTeam "Bad Harzburg SK"]
[BlackTeam "Werther 1949 SK"]

1. d4 d5 2. Nf3 Nf6 3. Bf4 c5 4. e3 Nc6 5. c3 e6 6. Nbd2 Bd6 7. Bg3 O-O 8. Bd3
Re8 9. Ne5 Bxe5 10. dxe5 Nd7 11. Qh5 g6 12. Qe2 Ndxe5 13. Bc2 Qe7 14. h4 h5 15.
O-O-O Nd7 16. Nf3 Nf6 17. e4 dxe4 18. Ng5 e5 19. Bb3 Rf8 20. Nxe4 Nxe4 21. Qxe4
Bf5 22. Qe3 Rad8 23. Bd5 Rfe8 24. Rhe1 e4 25. Bf4 Kh7 26. Qg3 f6 27. f3 g5 28.
hxg5 Rxd5 29. Rxd5 Qe6 30. fxe4 Bxe4 31. gxf6 Qxf6 32. Rxh5+ 1-0

[Event "Hessen Senioren-ch 2012  8th"]
[Site "Bad Sooden-Adf. (14.4.-22.4)"]
[Date "2012.04.18"]
[Round "5.21"]
[White "Schumacher, Helmut(31)"]
[Black "Ghijsen, Pim"]
[Result "1/2-1/2"]
[WhiteElo "1847"]
[BlackElo "1906"]
[PlyCount "35"]
[EventDate "2012.04.??"]
[EventType "swiss"]
[EventRounds "9"]
[EventCountry "GER"]
[WhiteTeam "Aachen St. Josef DJK"]
[BlackTeam "NED/Amsterdam VAS"]
[BlackTeamCountry "NED"]

1. d4 d5 2. Nc3 Bf5 3. Bg5 c6 4. e3 Qb6 5. Rb1 Nd7 6. Bd3 Bxd3 7. cxd3 e6 8.
Nf3 Be7 9. Bxe7 Nxe7 10. b4 O-O 11. O-O a6 12. a4 Rfc8 13. Qb3 Qc7 14. Rfc1 Qd6
15. a5 Ng6 16. Na4 Rab8 17. Nc5 Rd8 18. Qc3 1/2-1/2

[Event "Hessen Senioren-ch 2012  8th"]
[Site "Bad Sooden-Adf. (14.4.-22.4)"]
[Date "2012.04.18"]
[Round "5.22"]
[White "Papenbrock, Volker"]
[Black "Nietsch, Horst"]
[Result "1/2-1/2"]
[WhiteElo "2030"]
[BlackElo "1831"]
[PlyCount "65"]
[EventDate "2012.04.??"]
[EventType "swiss"]
[EventRounds "9"]
[EventCountry "GER"]
[WhiteTeam "Hamburg Eimsbuettel SK"]
[BlackTeam "Berlin Weißensee 49 SG"]

1. d4 Nf6 2. Nf3 e6 3. Bf4 b6 4. e3 Bb7 5. Bd3 Bb4+ 6. c3 Be7 7. h3 O-O 8. O-O
d5 9. Nbd2 c5 10. Ne5 Nbd7 11. Qf3 a5 12. a4 Nxe5 13. dxe5 Ne8 14. Rfd1 f5 15.
exf6 Nxf6 16. Qe2 Bd6 17. Bxd6 Qxd6 18. e4 Qf4 19. e5 Ne4 20. f3 Ng3 21. Qe1
Rad8 22. Nf1 Nf5 23. Qe2 Bc6 24. b3 d4 25. Bc4 Bd5 26. Rac1 dxc3 27. Bxd5 Rxd5
28. Re1 Qd4+ 29. Qf2 Qb4 30. Qc2 Qd4+ 31. Qf2 Qb4 32. Qc2 Qd4+ 33. Qf2 1/2-1/2

[Event "Hessen Senioren-ch 2012  8th"]
[Site "Bad Sooden-Adf. (14.4.-22.4)"]
[Date "2012.04.18"]
[Round "5.23"]
[White "Reimann, Guenther"]
[Black "Achenbach, Manfred"]
[Result "0-1"]
[WhiteElo "1779"]
[BlackElo "1989"]
[PlyCount "79"]
[EventDate "2012.04.??"]
[EventType "swiss"]
[EventRounds "9"]
[EventCountry "GER"]
[WhiteTeam "Magstadt SC"]
[BlackTeam "Mülheim 08/25 SC"]

1. c4 Nf6 2. Nf3 g6 3. g3 Bg7 4. Bg2 c5 5. O-O Nc6 6. Re1 d6 7. d3 e5 8. Nc3
Be6 9. Ng5 Bc8 10. Nge4 Nxe4 11. Nxe4 O-O 12. Bg5 f6 13. Bd2 Be6 14. a3 a5 15.
Rb1 h6 16. Qc1 Kh7 17. f4 Nd4 18. b4 f5 19. Nf2 cxb4 20. axb4 a4 21. Bc3 e4 22.
Nd1 Re8 23. e3 Nb3 24. Qc2 Bxc3 25. Qxc3 Rc8 26. dxe4 Rxc4 27. Qd3 fxe4 28.
Bxe4 Rxe4 29. Qxe4 Bf5 30. Qxb7+ Re7 31. Qb5 Bxb1 32. Qxa4 Nd2 33. Kf2 Ne4+ 34.
Kg1 Qc7 35. Nf2 Nxf2 36. Kxf2 Be4 37. Qa3 Qc8 38. Qb2 Rc7 39. Re2 Qg4 40. b5
0-1

[Event "Hessen Senioren-ch 2012  8th"]
[Site "Bad Sooden-Adf. (14.4.-22.4)"]
[Date "2012.04.18"]
[Round "5.24"]
[White "Pajcin, Jovan"]
[Black "Kahn, Peter"]
[Result "0-1"]
[WhiteElo "1675"]
[BlackElo "1952"]
[PlyCount "50"]
[EventDate "2012.04.??"]
[EventType "swiss"]
[EventRounds "9"]
[EventCountry "GER"]
[WhiteTeam "Leiden Philidor"]
[BlackTeam "Siebenlehner SV"]

1. e4 e5 2. Nf3 Nc6 3. Nc3 Nf6 4. d4 exd4 5. Nd5 Be7 6. Bc4 d6 7. Nxd4 Nxd5 8.
exd5 Nxd4 9. Qxd4 O-O 10. O-O Bf6 11. Qd3 Re8 12. Qb3 Be5 13. f4 Bd4+ 14. Kh1
Bf5 15. c3 Bb6 16. a4 a5 17. Qd1 Qh4 18. Be2 Re7 19. Bd2 Rae8 20. Be1 Qf6 21.
Bf3 Qg6 22. Bh5 Qf6 23. Bg3 Be4 24. h3 Qf5 25. Bh4 Qxh3# 0-1

[Event "Hessen Senioren-ch 2012  8th"]
[Site "Bad Sooden-Adf. (14.4.-22.4)"]
[Date "2012.04.18"]
[Round "5.25"]
[White "Oud, Niek"]
[Black "Hoellger, Herbert"]
[Result "1-0"]
[WhiteElo "2162"]
[BlackElo "1841"]
[PlyCount "114"]
[EventDate "2012.04.??"]
[EventType "swiss"]
[EventRounds "9"]
[EventCountry "GER"]
[WhiteTeam "NED/Amstelveen"]
[BlackTeam "Bad Hersfeld SK"]
[WhiteTeamCountry "NED"]

1. d4 g6 2. c4 Bg7 3. Nc3 d6 4. e4 a6 5. Nf3 Nc6 6. Be3 Bg4 7. Be2 e5 8. d5
Bxf3 9. Bxf3 Nd4 10. Bxd4 exd4 11. Ne2 Qf6 12. Qd3 Ne7 13. Rb1 O-O 14. O-O c5
15. b4 b6 16. Rb3 Qe5 17. bxc5 bxc5 18. g3 Bh6 19. Bg2 f5 20. f4 Qf6 21. Rb6
Nc8 22. Rc6 fxe4 23. Qxe4 Ne7 24. Rb6 Nf5 25. Qe6+ Kh8 26. Be4 Rae8 27. Qxf6+
Rxf6 28. Bxf5 gxf5 29. Kf2 Re3 30. Rxa6 Rf7 31. Rxd6 Rfe7 32. Nxd4 cxd4 33.
Rxh6 Re2+ 34. Kg1 d3 35. Re6 R7xe6 36. dxe6 Rxe6 37. Rd1 Rc6 38. Rxd3 Rxc4 39.
Rd2 Kg7 40. Kg2 Ra4 41. Kh3 Kg6 42. Kh4 Ra6 43. h3 h5 44. Rb2 Kh6 45. Rb5 Kg6
46. a4 Rxa4 47. Rb6+ Kg7 48. Kxh5 Ra3 49. Kh4 Ra5 50. g4 Ra4 51. Kg5 Ra3 52.
Rb7+ Kf8 53. Kxf5 Rxh3 54. Kf6 Rh6+ 55. Kg5 Ra6 56. f5 Ra4 57. f6 Ra5+ 1-0

[Event "Hessen Senioren-ch 2012  8th"]
[Site "Bad Sooden-Adf. (14.4.-22.4)"]
[Date "2012.04.18"]
[Round "5.26"]
[White "Romanow, Werner"]
[Black "Fleischer, Martin"]
[Result "1-0"]
[WhiteElo "1961"]
[BlackElo "1758"]
[PlyCount "69"]
[EventDate "2012.04.??"]
[EventType "swiss"]
[EventRounds "9"]
[EventCountry "GER"]
[WhiteTeam "Merseburg SV"]
[BlackTeam "Schwerin Einheit SV"]

1. c4 e6 2. Nf3 d5 3. g3 dxc4 4. Qa4+ Nc6 5. Bg2 Bd6 6. Qxc4 Nge7 7. O-O O-O 8.
d3 a6 9. Nbd2 b5 10. Qc2 Nb4 11. Qd1 Bb7 12. a3 Nbc6 13. Ne4 h6 14. Nxd6 cxd6
15. b4 Ng6 16. Bb2 Qe7 17. Qb3 Rac8 18. Rac1 e5 19. Nd2 Qd7 20. Ne4 Nge7 21. e3
Kh7 22. Nc3 Nd8 23. Nd5 Bxd5 24. Bxd5 Nxd5 25. Qxd5 Qe6 26. Qf3 Rxc1 27. Rxc1
Qb3 28. Qe2 Ne6 29. Qc2 Qd5 30. e4 Qa8 31. Qc6 Qb8 32. Qxa6 Ng5 33. Kg2 f5 34.
exf5 Rxf5 35. Rc8 1-0

[Event "Hessen Senioren-ch 2012  8th"]
[Site "Bad Sooden-Adf. (14.4.-22.4)"]
[Date "2012.04.18"]
[Round "5.27"]
[White "Kluger, Hans-Peter"]
[Black "Biller, Helmut Dr"]
[Result "1/2-1/2"]
[WhiteElo "1746"]
[BlackElo "1975"]
[PlyCount "61"]
[EventDate "2012.04.??"]
[EventType "swiss"]
[EventRounds "9"]
[EventCountry "GER"]
[WhiteTeam "Fallersleben SF"]
[BlackTeam "Frankfurt 1921 Sfr."]

1. e4 d6 2. Nf3 Nf6 3. Nc3 g6 4. Bc4 Bg7 5. O-O O-O 6. d4 Nxe4 7. Bxf7+ Rxf7 8.
Nxe4 h6 9. h3 e6 10. Qd3 Nc6 11. c3 Bd7 12. Ng3 Ne7 13. Bd2 Nf5 14. Ne2 g5 15.
g4 Ne7 16. Nh2 Nd5 17. f4 gxf4 18. Nxf4 Nxf4 19. Rxf4 Rxf4 20. Bxf4 Qh4 21. Qg3
Qxg3+ 22. Bxg3 Rf8 23. Re1 Kf7 24. Rf1+ Ke8 25. Rxf8+ Kxf8 26. Kf2 Ke7 27. Ke3
b6 28. b3 c5 29. Nf3 Bc6 30. Nd2 Bg2 31. h4 1/2-1/2

[Event "Hessen Senioren-ch 2012  8th"]
[Site "Bad Sooden-Adf. (14.4.-22.4)"]
[Date "2012.04.18"]
[Round "5.28"]
[White "Heinzel, Peter"]
[Black "Rollwitz, Juergen"]
[Result "1/2-1/2"]
[WhiteElo "1907"]
[BlackElo "1755"]
[PlyCount "46"]
[EventDate "2012.04.??"]
[EventType "swiss"]
[EventRounds "9"]
[EventCountry "GER"]
[WhiteTeam "Mülheim 08/25 SV"]
[BlackTeam "Berlin Wedding SG"]

1. c4 d6 2. g3 g6 3. Bg2 Bg7 4. Nc3 Nf6 5. d4 Nbd7 6. Nf3 c6 7. O-O O-O 8. Qc2
Qc7 9. b3 Re8 10. Bb2 e5 11. e3 Nf8 12. Rac1 Bf5 13. e4 Bg4 14. d5 Bxf3 15.
Bxf3 c5 16. a3 a6 17. Qd3 h6 18. Rb1 Rab8 19. Bc1 Qd7 20. b4 b6 21. Be3 Ng4 22.
b5 Nxe3 23. Qxe3 a5 1/2-1/2

[Event "Hessen Senioren-ch 2012  8th"]
[Site "Bad Sooden-Adf. (14.4.-22.4)"]
[Date "2012.04.18"]
[Round "5.29"]
[White "Smits, Oswald"]
[Black "Reinhold, Klaus Dr(44)"]
[Result "0-1"]
[WhiteElo "1726"]
[BlackElo "1952"]
[PlyCount "120"]
[EventDate "2012.04.??"]
[EventType "swiss"]
[EventRounds "9"]
[EventCountry "GER"]
[WhiteTeam "Königstein/Schwalbach Sfr."]
[BlackTeam "Gronau 1920 SC"]

1. d4 d5 2. Nf3 Nf6 3. e3 Bg4 4. Be2 e6 5. Nbd2 c5 6. O-O Nc6 7. c3 Bd6 8. b3
O-O 9. Bb2 Qe7 10. h3 Bh5 11. Rc1 Rfd8 12. Nh2 Bxe2 13. Qxe2 e5 14. dxe5 Nxe5
15. Nhf3 Nc6 16. Rfe1 Re8 17. Qf1 Ne4 18. Qd3 Rad8 19. Qe2 Qc7 20. Nf1 Qa5 21.
Qc2 Ne5 22. N3d2 c4 23. bxc4 Nxc4 24. Nxc4 dxc4 25. Red1 Qxa2 26. Ra1 Qb3 27.
Qxb3 cxb3 28. Rd4 Bc5 29. Rdd1 a6 30. f3 Nd6 31. Ba3 Bxa3 32. Rxa3 Nb5 33. Rxd8
Rxd8 34. Rxb3 Rd3 35. Rb2 Rxc3 36. Kf2 Kf8 37. Nd2 Ke7 38. Ne4 Rc7 39. g4 Nd6
40. Nd2 f6 41. Ke2 Rc1 42. Kf2 Kd7 43. Nb3 Rc8 44. Ke2 Rc3 45. Nd2 Kc6 46. h4
h5 47. Nb1 Rxe3+ 48. Kf2 Nc4 49. Rc2 Rb3 50. Rc1 Rb2+ 51. Kg3 a5 52. Nc3 Rb3
53. Ne2 Kc5 54. Nf4 a4 55. Ne6+ Kb4 56. Nd4 Rb2 57. Nc6+ Kc5 58. Na5 a3 59. f4
a2 60. Nxc4 Rb1 0-1

[Event "Hessen Senioren-ch 2012  8th"]
[Site "Bad Sooden-Adf. (14.4.-22.4)"]
[Date "2012.04.18"]
[Round "5.30"]
[White "Nagorni, Walter"]
[Black "Boehme, Erich"]
[Result "1-0"]
[WhiteElo "1905"]
[BlackElo "1740"]
[PlyCount "53"]
[EventDate "2012.04.??"]
[EventType "swiss"]
[EventRounds "9"]
[EventCountry "GER"]
[WhiteTeam "Lister Turm SK"]
[BlackTeam "Stadtallendorf SK"]

1. Nf3 Nf6 2. c4 c5 3. g3 Nc6 4. d4 cxd4 5. Nxd4 g6 6. Bg2 Bg7 7. Nc3 O-O 8.
O-O e6 9. Ndb5 a6 10. Nd6 Ne8 11. Nxc8 Rxc8 12. Be3 Bxc3 13. bxc3 d6 14. Rb1
Qe7 15. Qa4 Rc7 16. Bb6 Rc8 17. Rfd1 e5 18. e4 Nb8 19. Qb4 Nc6 20. Qa3 Nb8 21.
c5 dxc5 22. Bh3 f5 23. Qa4 Rc6 24. Bd8 Qe6 25. Rxb7 Qc8 26. Rxb8 Qxb8 27. Qxc6
1-0

[Event "Hessen Senioren-ch 2012  8th"]
[Site "Bad Sooden-Adf. (14.4.-22.4)"]
[Date "2012.04.18"]
[Round "5.31"]
[White "Schneider, Miloca"]
[Black "Schirmer, Werner"]
[Result "0-1"]
[WhiteElo "1706"]
[BlackElo "1920"]
[PlyCount "88"]
[EventDate "2012.04.??"]
[EventType "swiss"]
[EventRounds "9"]
[EventCountry "GER"]
[WhiteTeam "Witten SG"]
[BlackTeam "Hamburger SK"]

1. Nf3 Nf6 2. d4 g6 3. c4 Bg7 4. Nc3 d6 5. e4 O-O 6. h3 e5 7. d5 Na6 8. Bd3 Nc5
9. Bc2 a5 10. Be3 b6 11. O-O Bd7 12. Qd2 Qc8 13. Nh2 Re8 14. b3 Nh5 15. Bd1 Nf4
16. f3 Qd8 17. Bc2 Bh6 18. Ne2 Qg5 19. Ng4 Bxg4 20. Bxf4 exf4 21. hxg4 Nd7 22.
g3 fxg3 23. Qxg5 Bxg5 24. Nxg3 Bf6 25. Rad1 Ne5 26. Kg2 Bh4 27. Rh1 Bxg3 28.
Kxg3 f6 29. a3 Re7 30. Rd4 g5 31. f4 Ng6 32. fxg5 fxg5 33. Rh5 Re5 34. Rd2 Rf8
35. Rhh2 Nh4 36. Rdf2 Rxf2 37. Kxf2 Kg7 38. Kg3 h6 39. Rxh4 gxh4+ 40. Kxh4 Kf6
41. Kg3 Kg5 42. Kf3 Re7 43. Bd1 Rf7+ 44. Ke3 Rf1 0-1

[Event "Hessen Senioren-ch 2012  8th"]
[Site "Bad Sooden-Adf. (14.4.-22.4)"]
[Date "2012.04.18"]
[Round "5.32"]
[White "Krotofil, Kurt"]
[Black "Matrisch, Gerd"]
[Result "1-0"]
[WhiteElo "1880"]
[BlackElo "1737"]
[PlyCount "75"]
[EventDate "2012.04.??"]
[EventType "swiss"]
[EventRounds "9"]
[EventCountry "GER"]
[WhiteTeam "Hamburg Niendorfer TSV"]
[BlackTeam "Wanne-Eickel SV"]

1. d4 e6 2. c4 Bb4+ 3. Bd2 Bxd2+ 4. Qxd2 f5 5. Nc3 Nf6 6. e3 O-O 7. Bd3 d5 8.
Nf3 Nc6 9. O-O Ne4 10. Qe2 Bd7 11. cxd5 Nxc3 12. bxc3 exd5 13. Rab1 Rb8 14. c4
Be6 15. Rfc1 Kh8 16. g3 Na5 17. Ne5 dxc4 18. Nxc4 Nxc4 19. Bxc4 Bxc4 20. Qxc4
c6 21. Qc5 a6 22. Rb2 Rf7 23. Rcb1 h6 24. Qxc6 Qa5 25. Rxb7 Rfxb7 26. Rxb7 Rxb7
27. Qxb7 Qxa2 28. Qc8+ Kh7 29. Qxf5+ Kg8 30. d5 a5 31. d6 a4 32. Qc8+ Kh7 33.
d7 Qb1+ 34. Kg2 Qe4+ 35. Kf1 Qd3+ 36. Ke1 Qb1+ 37. Kd2 Qb2+ 38. Qc2+ 1-0

[Event "Hessen Senioren-ch 2012  8th"]
[Site "Bad Sooden-Adf. (14.4.-22.4)"]
[Date "2012.04.18"]
[Round "5.33"]
[White "Oldach, Ehrenfried"]
[Black "Hoffmann, Erich(36)"]
[Result "1/2-1/2"]
[WhiteElo "1872"]
[BlackElo "1736"]
[PlyCount "53"]
[EventDate "2012.04.??"]
[EventType "swiss"]
[EventRounds "9"]
[EventCountry "GER"]
[WhiteTeam "Warnemünde SF"]
[BlackTeam "Bergeborbeck DJK"]

1. e4 Nf6 2. e5 Nd5 3. d4 d6 4. c4 Nb6 5. exd6 exd6 6. Nc3 Be7 7. Nf3 O-O 8.
Bd3 Bg4 9. Be3 d5 10. c5 Nc4 11. Bxc4 dxc4 12. Qe2 Nc6 13. Qxc4 Na5 14. Qd5 Qc8
15. Ne5 c6 16. Qe4 Bf5 17. Qf4 f6 18. Nf3 Nc4 19. O-O-O g5 20. Qg3 Bd8 21. Nxg5
fxg5 22. Bxg5 Bxg5+ 23. Qxg5+ Bg6 24. b3 Rxf2 25. Ne4 Rf5 26. Qg3 Qe6 27. Rhe1
1/2-1/2

[Event "Hessen Senioren-ch 2012  8th"]
[Site "Bad Sooden-Adf. (14.4.-22.4)"]
[Date "2012.04.18"]
[Round "5.34"]
[White "Gudat, Alfons"]
[Black "Lueders, Guenther Dr"]
[Result "1-0"]
[WhiteElo "1843"]
[BlackElo "1712"]
[PlyCount "61"]
[EventDate "2012.04.??"]
[EventType "swiss"]
[EventRounds "9"]
[EventCountry "GER"]
[WhiteTeam "Oldenburg SK"]
[BlackTeam "Benshausen TSV"]

1. Nf3 c5 2. c4 Nc6 3. Nc3 g6 4. g3 Bg7 5. Bg2 Nf6 6. O-O O-O 7. e3 d6 8. h3
Bd7 9. d4 e6 10. d5 exd5 11. cxd5 Ne7 12. e4 Qc7 13. e5 Ne8 14. Bg5 Nc8 15.
exd6 Nexd6 16. Bf4 Qb6 17. Qb3 Qxb3 18. axb3 Nb5 19. Rac1 Nd4 20. Nxd4 Bxd4 21.
Rfe1 a5 22. Ne4 b6 23. Re2 Re8 24. Rd1 Bg7 25. Red2 Bxh3 26. Bxh3 Rxe4 27. d6
Rd4 28. d7 Ne7 29. Bc7 Nc6 30. Bg2 Be5 31. Bxe5 1-0

[Event "Hessen Senioren-ch 2012  8th"]
[Site "Bad Sooden-Adf. (14.4.-22.4)"]
[Date "2012.04.18"]
[Round "5.35"]
[White "Janzen, Christian(36)"]
[Black "Kalix, Wolfgang"]
[Result "1/2-1/2"]
[WhiteElo "1619"]
[BlackElo "1891"]
[PlyCount "53"]
[EventDate "2012.04.??"]
[EventType "swiss"]
[EventRounds "9"]
[EventCountry "GER"]
[WhiteTeam "Berlin Marienfelde TSV"]
[BlackTeam "Konstanz SVG"]

1. e4 e5 2. Nf3 Nc6 3. d4 exd4 4. Nxd4 Nf6 5. Nxc6 bxc6 6. Bd3 Bb4+ 7. Bd2
Bxd2+ 8. Nxd2 Qe7 9. O-O O-O 10. Re1 d6 11. c3 Ng4 12. f3 Ne5 13. Qe2 Rb8 14.
Rab1 Qg5 15. Bc2 Rb6 16. b3 h5 17. Qe3 Qf6 18. Nf1 h4 19. f4 Ng4 20. Qf3 Qe7
21. h3 Nf6 22. Qd3 d5 23. exd5 Qc5+ 24. Kh2 cxd5 25. Re5 Qf2 26. Qd2 Qxd2 27.
Nxd2 1/2-1/2

[Event "Hessen Senioren-ch 2012  8th"]
[Site "Bad Sooden-Adf. (14.4.-22.4)"]
[Date "2012.04.18"]
[Round "5.36"]
[White "Mentel, Juergen Dr"]
[Black "Rueggeberg, Wilhelm"]
[Result "1/2-1/2"]
[WhiteElo "1879"]
[BlackElo "1702"]
[PlyCount "59"]
[EventDate "2012.04.??"]
[EventType "swiss"]
[EventRounds "9"]
[EventCountry "GER"]
[WhiteTeam "Greifswalder SV"]
[BlackTeam "Saarburg-Trier Sfr."]

1. e4 c5 2. Nf3 d6 3. d4 cxd4 4. Nxd4 Nf6 5. f3 e6 6. c4 Nc6 7. Nc3 a6 8. Be3
Bd7 9. Be2 Be7 10. O-O O-O 11. f4 Qc7 12. Rc1 Rad8 13. Bf3 h6 14. b3 Nxd4 15.
Bxd4 Bc6 16. Qe2 Nd7 17. Qf2 Bf6 18. Be3 b6 19. b4 Bxc3 20. Rxc3 Qb7 21. Re1
Rb8 22. Bc1 Nf6 23. Qe2 d5 24. b5 axb5 25. cxb5 Bd7 26. e5 Nh7 27. Be3 Rfc8 28.
Rb3 Nf8 29. Qd3 Rc4 30. Rb2 1/2-1/2

[Event "Hessen Senioren-ch 2012  8th"]
[Site "Bad Sooden-Adf. (14.4.-22.4)"]
[Date "2012.04.18"]
[Round "5.37"]
[White "Scholz, Werner(41)"]
[Black "Causevic, Ismet"]
[Result "1-0"]
[WhiteElo "1552"]
[BlackElo "1841"]
[PlyCount "33"]
[EventDate "2012.04.??"]
[EventType "swiss"]
[EventRounds "9"]
[EventCountry "GER"]
[WhiteTeam "Eberswalde 1949 ESV"]
[BlackTeam "Forst 1971 SF"]

1. d4 d5 2. Nf3 Nf6 3. e3 e6 4. Bd3 c6 5. Nbd2 Nbd7 6. O-O Be7 7. Re1 O-O 8. e4
dxe4 9. Nxe4 Nxe4 10. Rxe4 h6 11. Qe2 Nf6 12. Rh4 Nd5 13. Rg4 e5 14. Rg3 Kh8
15. Qxe5 f6 16. Qh5 f5 17. Bxh6 1-0

[Event "Hessen Senioren-ch 2012  8th"]
[Site "Bad Sooden-Adf. (14.4.-22.4)"]
[Date "2012.04.18"]
[Round "5.38"]
[White "Kempen, Willi"]
[Black "Blosze, Winfried"]
[Result "1-0"]
[WhiteElo "1855"]
[BlackElo "1710"]
[PlyCount "45"]
[EventDate "2012.04.??"]
[EventType "swiss"]
[EventRounds "9"]
[EventCountry "GER"]
[WhiteTeam "Rheydter SV"]
[BlackTeam "Großauheim 1929 SV"]

1. e4 e5 2. Nf3 Nc6 3. Bb5 a6 4. Ba4 Nf6 5. Qe2 b5 6. Bb3 Bc5 7. a4 b4 8. Bxf7+
Kf8 9. Bd5 Qe7 10. O-O Nxd5 11. exd5 Nd4 12. Nxd4 Bxd4 13. d6 Qf6 14. dxc7 Bb7
15. Kh1 Qc6 16. f4 e4 17. c3 Bf6 18. cxb4 Rc8 19. Nc3 Rxc7 20. b5 Qe6 21. f5
Qd6 22. Nxe4 Qe5 23. d3 1-0

[Event "Hessen Senioren-ch 2012  8th"]
[Site "Bad Sooden-Adf. (14.4.-22.4)"]
[Date "2012.04.18"]
[Round "5.39"]
[White "Richter, Hildegard"]
[Black "Schumacher, Gottfried"]
[Result "0-1"]
[WhiteElo "1673"]
[BlackElo "2080"]
[PlyCount "108"]
[EventDate "2012.04.??"]
[EventType "swiss"]
[EventRounds "9"]
[EventCountry "GER"]
[WhiteTeam "Zwickau West Empor SV"]
[BlackTeam "Bad Neuenahr SC"]

1. d4 d5 2. Nf3 c5 3. Bf4 Nc6 4. e3 Nf6 5. Nbd2 Bg4 6. c3 Qb6 7. Qb3 e6 8. Qxb6
axb6 9. Bb5 Nd7 10. h3 Bh5 11. O-O Be7 12. Ne5 Ndb8 13. Rfe1 O-O 14. Nef3 Rc8
15. a4 f5 16. c4 Na6 17. Rac1 Nab4 18. Rc3 h6 19. Ne5 Be8 20. Nd3 g5 21. Bh2
Nxd3 22. Rxd3 Nb4 23. Rc3 Bf6 24. Nf3 Bxb5 25. axb5 dxc4 26. Be5 Be7 27. Rxc4
Ra5 28. dxc5 Nd3 29. Rd1 Nxe5 30. Nxe5 Rxc5 31. b4 Rxc4 32. Nxc4 Rxb5 33. Rd7
Bxb4 34. Rxb7 Bc5 35. Kf1 Rb4 36. Nd2 e5 37. Rd7 f4 38. exf4 gxf4 39. Ke2 e4
40. Rd5 Rb2 41. Kd1 e3 42. fxe3 fxe3 43. Ne4 e2+ 44. Ke1 Bb4+ 45. Nd2 Kf7 46.
Kxe2 Ke6 47. Rd3 Ke5 48. Kd1 Rxd2+ 49. Rxd2 Bxd2 50. Kxd2 Kf4 51. Kc3 Kg3 52.
Kc4 h5 53. Kb5 h4 54. Kxb6 Kxg2 0-1

[Event "Hessen Senioren-ch 2012  8th"]
[Site "Bad Sooden-Adf. (14.4.-22.4)"]
[Date "2012.04.18"]
[Round "5.40"]
[White "Van Geffen, Ben"]
[Black "Husser, Oskar"]
[Result "1-0"]
[WhiteElo "1907"]
[BlackElo "1649"]
[PlyCount "33"]
[EventDate "2012.04.??"]
[EventType "swiss"]
[EventRounds "9"]
[EventCountry "GER"]
[WhiteTeam "NED/Messemaker"]
[BlackTeam "Falkensee Caissa SC"]
[WhiteTeamCountry "NED"]

1. e4 d5 2. exd5 Nf6 3. Nf3 Nxd5 4. d4 Bf5 5. a3 e6 6. Be2 c5 7. c4 Nb6 8. Nc3
Nc6 9. Be3 Nd7 10. O-O cxd4 11. Nxd4 Nxd4 12. Bxd4 e5 13. Be3 a6 14. Qa4 Qc7
15. Nd5 Qc6 16. Qxc6 bxc6 17. Nc7+ 1-0

[Event "Hessen Senioren-ch 2012  8th"]
[Site "Bad Sooden-Adf. (14.4.-22.4)"]
[Date "2012.04.18"]
[Round "5.41"]
[White "Arp, Frans"]
[Black "Willms, Willi"]
[Result "1-0"]
[WhiteElo "1833"]
[BlackElo "1695"]
[PlyCount "81"]
[EventDate "2012.04.??"]
[EventType "swiss"]
[EventRounds "9"]
[EventCountry "GER"]
[WhiteTeam "NED/Haarlem"]
[BlackTeam "Rheydter SV"]
[WhiteTeamCountry "NED"]

1. e4 e6 2. Nf3 d5 3. Nc3 Nf6 4. e5 Nfd7 5. d4 c5 6. Bg5 Be7 7. Bxe7 Qxe7 8.
Nb5 Na6 9. Nd6+ Kf8 10. c3 c4 11. h4 h6 12. h5 Nc7 13. Nh4 Rg8 14. Qf3 Nf6 15.
Rh3 Nce8 16. Nxc8 Rxc8 17. exf6 Qxf6 18. Qxf6 Nxf6 19. Be2 Ke7 20. Re3 Kd6 21.
f4 a5 22. g4 b5 23. f5 Ne4 24. Bf3 Ng5 25. Kf2 Rce8 26. Rae1 Re7 27. fxe6 Rxe6
28. Nf5+ Kd7 29. Bxd5 Rxe3 30. Rxe3 Ne6 31. Re5 Re8 32. Bxe6+ fxe6 33. Nxg7 Re7
34. Rxb5 Kc6 35. Re5 Kd6 36. Nxe6 Rxe6 37. Rxe6+ Kxe6 38. g5 hxg5 39. h6 Kf6
40. d5 Kg6 41. d6 1-0

[Event "Hessen Senioren-ch 2012  8th"]
[Site "Bad Sooden-Adf. (14.4.-22.4)"]
[Date "2012.04.18"]
[Round "5.42"]
[White "Papenkordt, Karl-Hermann"]
[Black "Hampel, Johannes"]
[Result "0-1"]
[WhiteElo "1628"]
[BlackElo "1950"]
[PlyCount "43"]
[EventDate "2012.04.??"]
[EventType "swiss"]
[EventRounds "9"]
[EventCountry "GER"]
[WhiteTeam "Witten SG"]
[BlackTeam "Dresden-Leuben SV"]

1. c4 e6 2. e4 d5 3. exd5 exd5 4. d4 Nf6 5. Nc3 Be7 6. Nf3 O-O 7. c5 b6 8. b4
a5 9. Qa4 Bb7 10. cxb6 axb4 11. bxc7 Qxc7 12. Nb5 Qxc1+ 13. Rxc1 Rxa4 14. Rc7
b3 15. axb3 Bb4+ 16. Kd1 Ra1+ 17. Kc2 Rc8 18. Rxc8+ Bxc8 19. g3 Bf5+ 20. Kb2
Rb1+ 21. Ka2 Rc1 22. Bg2 0-1

[Event "Hessen Senioren-ch 2012  8th"]
[Site "Bad Sooden-Adf. (14.4.-22.4)"]
[Date "2012.04.18"]
[Round "5.43"]
[White "Fromme, Werner"]
[Black "Just, Joachim"]
[Result "1/2-1/2"]
[WhiteElo "1653"]
[BlackElo "1881"]
[PlyCount "43"]
[EventDate "2012.04.??"]
[EventType "swiss"]
[EventRounds "9"]
[EventCountry "GER"]
[WhiteTeam "Witten SG"]
[BlackTeam "Zeitz Motor SV"]

1. d4 g6 2. c4 Bg7 3. Nc3 c6 4. e4 d6 5. Be3 e5 6. d5 c5 7. Bd3 Ne7 8. Nge2 f5
9. f4 O-O 10. O-O Nd7 11. Qd2 a6 12. Rab1 exf4 13. Nxf4 Ne5 14. Be2 g5 15. Ne6
Bxe6 16. dxe6 f4 17. Bf2 N5c6 18. Bh5 Nd4 19. Bxd4 Bxd4+ 20. Kh1 Qa5 21. Qc2
Be5 22. Nd5 1/2-1/2